• 首页
  • 本馆介绍
  • 公告通知
  • 最新文献
  • 馆藏检索
  • 电子资源
  • 读者导购
  • 参考咨询
  • 我的图书馆
  • 登录
  • 详细信息显示
  • 放入我的书架
  • 预约/预借图书
  • 作者相关作品
  • 分类相关作品
  • 丛书相关作品
  • 出版社相关作品

书目信息

  • 表格格式
  • 工作单格式
  • 卡片格式
题名:
视觉的分子生理学基础
    
 
作者: 蔡浩然 , 马万禄 编
分册:  
出版信息: 北京   科学出版社  1978.12
页数: 198页
开本: 19cm
丛书名:
单 册:
中图分类: Q436
科图分类:
主题词: 分析器(生理)--生理学
电子资源:
ISBN:
000 00578nam0 2200205 45
001 0204180864
005 20060410104418.78
010    @dCNY0.60
091    @a13031.905
100    @a20020418d1978 km y0chiy0120 ea
101 0  @achi
200 1  @a视觉的分子生理学基础@AShi Jue De Fen Zi Sheng Li Xue Ji Chu@f蔡浩然,马万禄编@FCai Hao Ran,Ma Wan Lu Bian
210    @a北京@c科学出版社@d1978.12
215    @a198页@d19cm
606 0  @a分析器(生理)@x生理学
690    @aQ436@v3
701  0 @a蔡浩然@4编
701  0 @a马万禄@4编
801    @aCN@bTSTC@c20060410
905    @b4615@dQ436@e1@f1
    
    视觉的分子生理学基础/蔡浩然,马万禄编.-北京:科学出版社,1978.12
    198页;19cm
    
    
    ISBN :CNY0.60
    
●
相关链接 在E读中查询图书 在五车中查询图书 在当当中查询图书 在豆瓣中查询图书


正题名:视觉的分子生理学基础     索取号:Q436/1         预约/预借

序号 登录号 条形码 馆藏地/架位号 状态 备注
1 0004614   202220195   密集书库/ [索取号:Q436/1] 在馆    
2 0004615   001789844   密集书库/ [索取号:Q436/1] 在馆    
唐山师范学院图书馆 欢迎您!
大连网信软件有限公司© 版权所有